LIBRARY & INFORMATION CENTRE, KCAET, TAVANUR

ONLINE PUBLIC ACCESS CATALOGUE (OPAC)

Text book of properties of matter / (Record no. 274)

MARC details
000 -LEADER
fixed length control field 00603cam a2200241ua 4500
041 ## - LANGUAGE CODE
Language code of text/sound track or separate title eng
082 ## - DEWEY DECIMAL CLASSIFICATION NUMBER
Classification number 530.4
Item number GOV/TE
100 ## - MAIN ENTRY--AUTHOR NAME
Personal name Govinda Rajan, S R.
245 ## - TITLE STATEMENT
Title Text book of properties of matter /
250 ## - EDITION STATEMENT
Edition statement 1 /
260 ## - PUBLICATION, DISTRIBUTION, ETC. (IMPRINT)
Place of publication Chennai :
Name of publisher The National Publishing Co ,
Year of publication 1963.
300 ## - PHYSICAL DESCRIPTION
Number of Pages 239 ; .
700 1# - ADDED ENTRY--PERSONAL NAME
Personal name Murugaiyan, T.
942 ## - ADDED ENTRY ELEMENTS (KOHA)
Koha item type Books
Holdings
Withdrawn status Lost status Damaged status Home library Current library Date acquired Full call number Accession Number Koha item type Public note
Withdrawn     KAUAET KAUAET 07/04/2012 530.4 7694 Books  
Withdrawn     KAUAET KAUAET 07/04/2012 530.4 7695 Books  
Withdrawn     KAUAET KAUAET 02/02/2021 530.4 GOV/TE 7691 Books  
Withdrawn     KAUAET KAUAET 02/02/2021 530.4 GOV/TE 7696 Books  
Withdrawn     KAUAET Sanskrit University 07/04/2012 530.4 7697 Books Transferred to Sanskrit University
Withdrawn     KAUAET Sanskrit University 07/04/2012 530.4 7693 Books Transferred to Sanskrit University
Withdrawn     KAUAET Sanskrit University 07/04/2012 530.4 7692 Books Transferred to Sanskrit University
free website counter